| 000 | 00536nam a22001457a 4500 | ||
|---|---|---|---|
| 022 | _a11359838005 | ||
| 080 | _a343.82 Si 13 | ||
| 245 |
_aPanoptico _bNueva Epoca |
||
| 260 |
_aBarcelona _bVirus _c2001 |
||
| 300 | _a230 P. | ||
| 310 | _asemestral | ||
| 650 |
_xley de reforma penitenciaria _xsida _xpolitica penitenciaria _xpolitica penal _xderecho penal _xderecho procesal penal _xcarcel _xcarceles de mujeres _xinmigracion _xmovimientos sociales _xpena de muerte _xderecho penal del enemigo _xpenas |
||
| 942 | _2cdu | ||
| 945 |
_acd _d2016-03-17 |
||
| 999 |
_c4269 _d234773 |
||